| 000 | 00855cam a22002777a 4500 | ||
|---|---|---|---|
| 003 | CHAP | ||
| 005 | 20220817043305.0 | ||
| 008 | 971013s1982 r 00010 d | ||
| 010 | _a70768 | ||
| 011 | _a71740 | ||
| 035 | _a81294 | ||
| 040 | _cCHAP | ||
| 090 | _aFolleto 9165y | ||
| 100 | 0 | 0 |
_aAgge, James K. _eEd. _91125 |
| 245 | 1 | 3 |
_aLa gestión del fuego y del combustible en los ecosistemas del clima mediterráneo _b: programas y temas prioritarios de investigación |
| 260 |
_aBarcelona : _bSerbal, _c1982 |
||
| 300 |
_a72 p. _b; mapas |
||
| 590 |
_aBATCH-UPD _b10 _c20130110 _lUCH01 _h0831 |
||
| 590 |
_aCONVERSION _b10 _c20130109 _lUCH01 _h1339 |
||
| 650 | 0 | 4 |
_aQuema controlada. _993164 |
| 650 | 1 | 4 |
_aBosques _xIncendios. _914211 |
| 710 | _aUNESCO | ||
| 901 | _aBK | ||
| 942 | _cFOLL | ||
| 949 |
_aFolleto 9165y _bBC _cFOLL _d-34545 _eTS1 _i81294 _si |
||
| 999 |
_c70768 _d70768 |
||